000
nam a22 7a 4500
999
_c
51829
_d
51829
003
OSt
005
20220512115849.0
008
220512b xxu||||| |||| 00| 0 eng d
040
_c
sero soft
100
_a
Dr,Agarwal,H.O
245
_a
International Law & Human Right
300
_a
1011
942
_2
ddc
_c
02